| 000 | 01265cam a2200301 a 4500 | ||
|---|---|---|---|
| 001 | 12388063 | ||
| 003 | ARRUPE | ||
| 005 | 20140930132253.0 | ||
| 008 | 010423s2001 mau b 001 0 eng | ||
| 010 | _a 2001024798 | ||
| 020 | _a1565634969 (pbk.) | ||
| 020 | _a9781565634961 (pbk.) | ||
| 040 |
_aDLC _cDLC _dDLC |
||
| 050 | 0 | 0 |
_aBS1171.2 _b.M87 2001 |
| 082 | 0 | 0 |
_a230/.0411 _221 |
| 100 | 1 |
_aMurphy, Roland E. _q(Roland Edmund), _d1917-2002. _911819 |
|
| 245 | 1 | 0 |
_aExperiencing our biblical heritage / _cRoland E. Murphy. |
| 260 |
_aPeabody, Mass. : _bHendrickson Publishers, _cc2001. |
||
| 300 |
_axv, 185 p. ; _c22 cm. |
||
| 504 | _aIncludes bibliographical references and indexes. | ||
| 610 | 2 | 0 |
_aCarmelites _xSpiritual life. _93749 |
| 630 | 0 | 0 |
_aBible. _pOld Testament _xCriticism, interpretation, etc. _911820 |
| 856 | 4 | 2 |
_3Publisher description _uhttp://www.loc.gov/catdir/description/hend021/2001024798.html |
| 856 | 4 | 2 |
_3Contributor biographical information _uhttp://www.loc.gov/catdir/enhancements/fy0706/2001024798-b.html |
| 906 |
_a7 _bcbc _corignew _d1 _eocip _f20 _gy-gencatlg |
||
| 942 |
_2lcc _cMONOGRAPH |
||
| 999 |
_c121003 _d121003 |
||